| 000 | 00679nam a2200217 u 4500 | ||
|---|---|---|---|
| 005 | 20230803063536.0 | ||
| 008 | 101208s2009 es r 000 0 spa d | ||
| 020 | _a9788478276905 | ||
| 035 | _aUPN01000178919 | ||
| 049 | _aCG | ||
| 050 | 4 |
_aHQ759.9 _bT6.2 |
|
| 100 | 1 |
_aTonucci, Francesco, _d1941- _930884 |
|
| 245 | 1 | 0 |
_aCon ojos de abuelo / _cFrancesco Tonucci ; tr. de Chus Fenero. |
| 260 |
_aBarcelona, Esp. : _bGraó, _c2009. |
||
| 300 |
_a156 p. : _bil. |
||
| 440 | 0 |
_aMicro-macro referencias. _pComunidad educativa ; _v19 |
|
| 650 | 7 |
_aAbuelos _xRelaciones familiares _2 _915613 |
|
| 650 | 2 |
_aHUMORISMO Y AGUDEZAS _93034 |
|
| 650 | 4 |
_aCARICATURAS _93033 |
|
| 905 | _aLibro | ||
| 999 |
_c151022 _d151022 |
||